Pays frontaliers de la France metropolitaine - Statistiques

Statistiques générales
  • Ce quiz a été pris 43 fois
  • Le résultat moyen est 7 sur 8
Statistiques - réponses
Pays % Correct
Belgique
100%
Espagne
100%
Luxembourg
97%
Suisse
97%
Allemagne
95%
Italie
92%
Andorre
81%
Monaco
81%
Aucun quiz correspondant
Distribution des résultats
% des personnes avec chaque résultat
Percentile par nombre de réponses
Votre historique - résultats
Vous n’avez pas pris ce quiz